| 000 | 00711nam a2200229 a 4500 | ||
|---|---|---|---|
| 001 | BRCA_1467 | ||
| 005 | 20190320203436.0 | ||
| 008 | 171105s1995----ag-a---###---#000-0#spa-d | ||
| 020 | _a9509010103 | ||
| 050 | 4 |
_aTS1318 _b.C67 1995 |
|
| 100 | 1 |
_aCorcuera, Ruth _94799 |
|
| 245 | 1 | 0 |
_aHerencia textil andina _cRuth Corcuera; traducción Rosa María Torlaschi. |
| 250 | _a2 | ||
| 260 |
_aBuenos Aires _bCIAFIC _c1995 |
||
| 300 |
_a170 p. _bil. a color _c31 cm. |
||
| 504 | _aBibliografía : p. 164-170 | ||
| 546 | _aTexto en: español e inglés | ||
| 650 | 1 | 4 |
_aTejido _xHistoria _zAndinas _94800 |
| 650 | 1 | 4 |
_aIndustria textil _xHistoria _zAndina _94801 |
| 700 | 1 |
_aTorlaschi, Rosa María _94802 |
|
| 942 |
_2lcc _cB |
||
| 999 |
_c1329 _d1329 |
||